| 000 | 01136cam a2200301 i 4500 | ||
|---|---|---|---|
| 999 |
_c12693 _d12693 |
||
| 001 | 12693 | ||
| 003 | Mx-PuUPA | ||
| 005 | 20240410103500.0 | ||
| 008 | 140415s1989 mx a r 000 0 spa d | ||
| 020 | _a9681829409 (edición completa) | ||
| 040 |
_aMX-PuUPA _bspa _erda _cMx-PuUPA _dMx-PuUPA |
||
| 041 | 1 |
_aspa _heng |
|
| 100 | 1 |
_aBoolootian, Richard A., _d1927 _eautor _97322 |
|
| 240 | 1 | 0 |
_aZoology an introduction to the study of animals. _lEspañol |
| 245 | 1 | 0 |
_aZoología / _cRichard A. Boolootian ; versión en español Esther Sánchez Lozano. |
| 250 | _aPrimera edición | ||
| 264 | 1 |
_aMéxico, D.F. : _bEditorial Limusa, _c1989 |
|
| 300 |
_a4 volúmenes (paginación varía) : _bilustraciones ; _c27 cm. |
||
| 336 |
_atexto _2rdacontent _btxt |
||
| 337 |
_asin medio _2rdamedia _bn |
||
| 338 |
_avolumen _2rdacarrier _bnc |
||
| 490 | 0 | _aBiblioteca Científica y Tecnológica | |
| 650 | 4 | _aZoología | |
| 700 | 1 |
_aSánchez Lozano, Esther, _etraductor |
|
| 765 | 0 | 8 |
_aBoolootian, Richard A., 1927-, _tZoology an introduction to the study of animals. |
| 942 |
_2ddc _cLI _h591 _iB724 |
||